000 00487cam a22001577a 4500
008 180718b1979 xxu||||| |||| 00| 0 eng d
082 _aXA x91 C392
245 _aHousing in Indonesia
_cBy L. Chatterjee
260 _aAmsterdam
_bVRIJE Universiteit Amsterdam
_c1979
300 _a202p.
650 _aCommunity development -- Indonesia
650 _aHousing -- Indonesia
650 _aLand use -- Indonesia
650 _aUrban policy -- Indonesia
650 _aCity planning -- Indonesia
999 _c414361
_d414361